000 00636nam a2200277Ia 4500
005 20260324135507.0
008 008 260324s9999 xx 000 0 eng d
020 _a9780203630228
037 _aEBOOK
040 _aCRL
040 _beng
040 _cCRL
041 _2eng
041 _aeng
084 _qCRL
100 _aRichard Bradley
_91187916
245 3 _aAn Archaeology of Natural Places
260 _bTaylor and Francis
260 _c2000
365 _a
365 _b230
856 _uhttp://www.taylorfrancis.com/books/9780203630228
942 _cEBOOK
999 _c1801918
_d1801918